00498 2200157 4500001002100000008004100021035002000062245012000082100001900202260003500221300002000256020002200276084001600298082000800314990001800322INLIS000000000000239 ind  a0010-0724000239 aLeadership: Kekuatan Spiritualitas Para Pemimpin Sukses Dari Dogma Teologi Hingga Pembuktian EmpiriscDjoko Hartono aHartono, Djoko aSurabaya :bMQA Surabayac2012 a250 hlm.c20 cm a978-602-8115-13-1 a158.4 DJO L a158 aP29/CP/24/239